000 00210 a2200109 4500
001 51088
040 _cAnchieta - Pituba
240 1 0 _aGilberto Gil
_l
245 1 0 _aGilberto Gil
650 4 _aMúsica
942 _cMX
999 _c51088
_d51088